• 首页
  • 本馆介绍
  • 公告通知
  • 最新文献
  • 馆藏检索
  • 电子资源
  • 读者导购
  • 参考咨询
  • 我的图书馆
  • 登录
  • 详细信息显示
  • 放入我的书架
  • 预约/预借图书
  • 作者相关作品
  • 分类相关作品
  • 丛书相关作品
  • 出版社相关作品

书目信息

  • 表格格式
  • 工作单格式
  • 卡片格式
题名:
非政府组织对世界贸易组织事务的参与及制度性安排研究
    
 
作者: 徐昕 著
分册:  
出版信息: 上海   上海人民出版社  2012
页数: 351页
开本: 23cm
丛书名: 博士文库
单 册:
中图分类: F743.1
科图分类:
主题词: 非政府组织--参与管理--世界贸易组织--研究 , 非政府组织 , 参与管理
电子资源:
ISBN: 978-7-208-10717-5
000 01082oam2 2200313 450
001 523
005 20140909101056.70
010    @a978-7-208-10717-5@dCNY45.00
100    @a20121020d2012 kemy0chiy50 ea
101 0  @achi
102    @aCN@b310000
105    @ay z 000yy
106    @ar
200 1  @a非政府组织对世界贸易组织事务的参与及制度性安排研究@AFei Zheng Fu Zu Zhi Dui Shi Jie Mao Yi Zu Zhi Shi Wu De Can Yu Ji Zhi Du Xing An Pai Yan Jiu@f徐昕著@FXu Xin Zhu
210    @a上海@c上海人民出版社@d2012
215    @a351页@d23cm
225 2  @a博士文库
300    @a上海市学术著作出版基金
308    @a丛书第十四辑
330    @a本书运用国际法的基本理论,围绕国际法的正当性问题论证了NGOs参与国际事务的必要性,并进一步论证了NGOs有参与WTO事务的特别需要。
461  0 @12001 @a博士文库
601 02 @a世界贸易组织
606 0  @a非政府组织@x参与管理@x世界贸易组织@x研究
606 0  @a非政府组织
606 0  @a参与管理
690    @aF743.1@v5
701  0 @a徐昕@AXu Xin@c(女, 国际贸易@f1979~)@4著
801  0 @aCN@bTANGWEI@c20140603
905    @b0838792-94@dF743.1@e169@f3
    
    非政府组织对世界贸易组织事务的参与及制度性安排研究/徐昕著.-上海:上海人民出版社,2012
    351页;23cm.-(博士文库)
    上海市学术著作出版基金
    
    ISBN 978-7-208-10717-5:CNY45.00
    本书运用国际法的基本理论,围绕国际法的正当性问题论证了NGOs参与国际事务的必要性,并进一步论证了NGOs有参与WTO事务的特别需要。
●
相关链接 在E读中查询图书 在五车中查询图书 在当当中查询图书 在豆瓣中查询图书


正题名:非政府组织对世界贸易组织事务的参与及制度性安排研究     索取号:F743.1/169         预约/预借

序号 登录号 条形码 馆藏地/架位号 状态 备注
1 0838792   208387921   第一样本阅览室/ [索取号:F743.1/169] 在馆    
2 0838793   208387930   密集书库-海洋学院/ [索取号:F743.1/169] 在馆    
3 0838794   208387949   第一借阅区/ [索取号:F743.1/169] 在馆    
唐山师范学院图书馆 欢迎您!
大连网信软件有限公司© 版权所有